Honduras: caudillo politics and military rulers

Na minha lista:
Detalhes bibliográficos
Autor principal: Morris, James A. (Author)
Formato: Livro
Idioma:inglês
Publicado em: Boulder Westview 1984
Assuntos:
Tags: Adicionar Tag
Sem tags, seja o primeiro a adicionar uma tag!

MARC

LEADER 00000nam a2200000 a 4500
001 UCO7583
003 CL-VaPUC
008 001117e19840000US |||||||||||||||||eng|d
082 0 4 |a 322.5  |b MOR  |2 21 
100 |a Morris, James A.  |e author  |9 452117 
245 1 0 |a Honduras: caudillo politics and military rulers 
300 |a 156 p 
942 |c BK 
945 |d 20001117 00:00:00  |a crobeson 
260 |a Boulder  |b Westview  |c 1984 
500 |a Donación del profesor Manfred Wilhelmy von Wolff 
650 7 |a RELACIONES CIVICO MILITARES  |2 CL-VaPUC  |9 315814 
650 0 |a Política y gobierno  |9 255151 
650 0 |a Fuerzas Armadas  |9 255504 
650 0 |a Actividad política  |9 295875 
650 0 |a Política económica   |9 255029 
651 7 |a HONDURAS  |2 CL-VaPUC  |9 257740 
583 |a last modification  |c 20001117 00:00:00  |k Rodrigo Vera 
999 |c 292473  |d 292471 
952 |0 0  |1 0  |4 0  |6 322_500000000000000_MOR_1984  |7 0  |8 A  |9 343388  |a BIBHIS  |b BIBHIS  |d 2019-11-20  |i 1228617  |o 322.5 MOR 1984  |p 1228617  |r 2025-01-20  |w 2019-11-20  |y BK  |k HIS